| 000 | 02612nam0a2200385 i 4500 | ||
|---|---|---|---|
| 001 | RU\NLR\BIBL_A\012570337 | ||
| 005 | 20260405145926.0 | ||
| 010 |
_a9785799511326 _9100 |
||
| 021 |
_aRU _b2021-17812 _9КН-П-1396 |
||
| 035 | _a(NLR Aleph) 012570337 | ||
| 090 |
_a12489110 _c12489110 |
||
| 100 | _a20210726d2020 km y0rusy50 ca | ||
| 101 | 0 | _arus | |
| 102 | _aRU | ||
| 105 | _aa|||j|||000zy | ||
| 181 | 0 |
_ai3 _bab2e |
|
| 182 | 0 | _an | |
| 200 | 1 |
_aОбращение с отходами производства и потребления _eучебное пособие _eдля студентов направления 18.03.02 Энерго- и ресурсосберегающие процессы в химической технологии, нефтехимии и биотехнологии профиля "Охрана окружающей среды и рациональное использование природных ресурсов" _fЮ.Н. Женихов, В.Н. Иванов, К.Ю. Женихов _gМинобрнауки России, Федеральное государственное бюджетное образовательное учреждение высшего образования "Тверской государственный технический университет (ТвГТУ)" |
|
| 203 |
_aТекст _bвизуальный _cнепосредственный |
||
| 205 | _a5-е изд., доп. и испр. | ||
| 210 |
_aТверь _cРедакционно-издательский центр Тверского государственного технического университета _d2020 |
||
| 215 |
_a159, [1] с. _cил. _d20 |
||
| 320 | _aБиблиогр.: с. 147-156 | ||
| 606 | 1 |
_aОтходы _jУчебные издания для высших учебных заведений _xУправление _yРоссийская Федерация _92192668 _3RU\NLR\AUTH\661317981 |
|
| 606 | 1 |
_aОтходы _jУчебные издания для высших учебных заведений _xОбращение _92297140 _3RU\NLR\AUTH\6601602372 |
|
| 686 | 1 | _aУ9(2)-553.84(2Р)я73 | |
| 686 | 1 | _aХ625.9я73 | |
| 686 | 1 | _aЖ69я73-1 | |
| 700 | 1 |
_aЖенихов _bЮ. Н. _gЮрий Николаевич |
|
| 701 | 1 |
_8rus _7ca _aИванов _bВ. Н. _cканд. техн. наук, эколог _gВалерий Николаевич _3RU\NLR\AUTH\7761293 _944223 |
|
| 701 | 1 |
_aЖенихов _bК. Ю. _gКирилл Юрьевич |
|
| 942 | _cBOOK | ||
| 980 | _aNBR | ||